| 000 | 00496nam a2200181Ia 4500 | ||
|---|---|---|---|
| 999 |
_c1190 _d1190 |
||
| 003 | OSt | ||
| 005 | 20200923132322.0 | ||
| 008 | 190216s9999||||xx |||||||||||||| ||und|| | ||
| 040 | _coclc | ||
| 082 |
_a581.6 _bHIL/E |
||
| 100 |
_aHill, Albert F _94880 |
||
| 245 | 0 |
_aEconomic Botany / _cAlbert F Hill |
|
| 250 | _a2nd Ed. | ||
| 260 |
_bMcgraw -hill Book Company, _c1952. _aNew York: |
||
| 300 | _a560p | ||
| 650 | _aBotany | ||
| 942 |
_cBK _2ddc _h581.6 _iHIL/E _k581.6 _mHIL/E |
||